| Tag |
First Indicator |
Second Indicator |
Subfields |
| LEADER |
00000cam a2200000Ii 4500 |
| 001 |
in00000602113 |
| 005 |
20220104090409.0 |
| 008 |
770120s1976 txu bm 000 0 eng d |
| 035 |
|
|
|9 ACR6847AM
|
| 035 |
|
|
|a (OCoLC)02691519
|
| 035 |
|
|
|a (OCoLC)2691519
|
| 035 |
|
|
|a (OCoLC)ocm02691519
|
| 040 |
|
|
|a TXA
|b eng
|c TXA
|d OCLCF
|d OCLCQ
|d OCLCO
|d TXA
|d UtOrBLW
|
| 049 |
|
|
|a TXAM
|
| 050 |
|
4 |
|a QA76.6
|b .G3
|
| 099 |
|
|
|a 1976
|a Dissertation
|a G311
|
| 100 |
1 |
|
|a Gehring, Philip Francis.
|
| 245 |
1 |
2 |
|a A quantitative analysis of estimating accuracy in software development /
|c by Philip Francis Gehring, Jr.
|
| 264 |
|
1 |
|a [College Station, Tex.] :
|b Gehring,
|c 1976.
|
| 300 |
|
|
|a xii, 178 leaves ;
|c 28 cm
|
| 336 |
|
|
|a text
|b txt
|2 rdacontent
|
| 337 |
|
|
|a unmediated
|b n
|2 rdamedia
|
| 338 |
|
|
|a volume
|b nc
|2 rdacarrier
|
| 500 |
|
|
|a "Major subject: Computing Science."
|
| 500 |
|
|
|a Vita.
|
| 502 |
|
|
|c Texas A & M University
|
| 504 |
|
|
|a Includes bibliographical references (leaves 152-162).
|
| 520 |
3 |
|
|a This research quantitatively examines the estimating accuracy of over 5000 standardized resource consuming activities from 39 software development projects of various size which were accomplished at the U.S. Air Force Data-Systems Design Center. The activity data pertaining to planned hour estimates and actual expenditures were collected by an automated project management system (PARMIS) as the data were generated. The dissertation hypothesizes that specific activities can be isolated which consistently have a greater influence on whether a software development project will be successful in terms of cost and schedule estimates. The arithmetic and percent differences between estimated and observed hour expenditures are the elementary variables used to investigate estimating accuracy. Various summarizing and statistical techniques are employed to reveal the information inherent in the data, and to identify, if possible, a correlation between the selected activities and the final difference between the total hours estimated and expended for the project. The findings from the data source used clearly support the hypothesis. However, no correlation was found between the activities which have the most influence on estimating accuracy in a software development project and other criteria such as the total project difference. The primary conclusion of this work is that software estimation is still very poor and inconsistent because the existing model for software development and traditional estimating techniques are incompatible. A new development model is described in addition to a recommendation for a centralized, standardized, software project management system which would service several different agencies developing different types of projects.
|
| 650 |
|
0 |
|a Computer programming
|x Management.
|0 http://id.loc.gov/authorities/subjects/sh85029523
|
| 650 |
|
0 |
|a Computer programs
|x Reliability.
|
| 650 |
|
4 |
|a Computing Science.
|
| 650 |
|
7 |
|a Computer programming
|x Management.
|2 fast
|0 (OCoLC)fst00872399
|
| 650 |
|
7 |
|a Computer programs
|x Reliability.
|2 fast
|0 (OCoLC)fst00872435
|
| 655 |
|
7 |
|a Academic theses.
|2 lcgft
|0 http://id.loc.gov/authorities/genreForms/gf2014026039
|
| 700 |
1 |
|
|a Anderson, Robert J.,
|e degree committee member.
|0 http://id.loc.gov/authorities/names/n87831860
|
| 700 |
1 |
|
|a Elliott, Roger W.,
|e degree committee member.
|
| 700 |
1 |
|
|a Pooch, Udo W.,
|e degree supervisor.
|
| 700 |
1 |
|
|a Scoggins, James R.,
|e degree committee member.
|0 http://id.loc.gov/authorities/names/n81032290
|
| 710 |
2 |
|
|a Texas A & M University,
|e degree granting institution.
|0 http://id.loc.gov/authorities/names/n80125885
|
| 856 |
4 |
1 |
|u http://proxy.library.tamu.edu/login?url=http://proquest.umi.com/pqdweb?did=756466061&sid=1&Fmt=2&clientId=2945&RQT=309&VName=PQD
|z Link to ProQuest copy
|t 0
|
| 856 |
4 |
1 |
|u https://hdl.handle.net/1969.1/DISSERTATIONS-614035
|z Link to OAKTrust copy
|t 0
|
| 994 |
|
|
|a C0
|b TXA
|
| 999 |
f |
f |
|s 0a6580f8-fee0-3ba7-aec4-9a1c49eae08d
|i 6a4af28f-6c29-379b-bf92-f109720ce23b
|t 0
|
| 952 |
f |
f |
|p noncirc
|a Texas A&M University
|b J.J. Pickle Campus
|c High Density Repository
|s HDR
|d Remote Storage
|t 0
|e 1976 Dissertation G311
|h Other scheme
|i unmediated -- volume
|m A14840972480
|
| 952 |
f |
f |
|a Texas A&M University
|b College Station
|c Electronic Resources
|s www_evans
|d Available Online
|t 0
|e 1976 Dissertation G311
|h Other scheme
|
| 998 |
f |
f |
|a 1976 Dissertation G311
|t 0
|l Available Online
|
| 998 |
f |
f |
|a 1976 Dissertation G311
|t 0
|l Remote Storage
|